| 000 | 00392nam a22001577a 4500 | ||
|---|---|---|---|
| 003 | SGT | ||
| 020 | _a9788186562086. | ||
| 082 |
_a930.999 _bN97S |
||
| 100 | _aSHARMA ,JAGDISH .P | ||
| 245 | _aNEHRU AND THE PEOPLE'S MOVEMENT | ||
| 250 | _a1ST | ||
| 260 |
_aNEW DELHI _bMINISTRY OF INFORMATION AND BROADCASTING _c1997 |
||
| 300 | _a307 | ||
| 650 | _aMASS COMMUNICATION | ||
| 942 |
_2ddc _cBK _01 |
||
| 999 |
_c12955 _d12955 |
||